| 000 | 00685nam a2200193 a 4500 | ||
|---|---|---|---|
| 001 | 000024959 | ||
| 005 | 20200930023456.0 | ||
| 008 | 110208s1970 sp r 000 0 spa d | ||
| 040 |
_aDO-SdBNP _bspa _cBNPHU |
||
| 082 |
_ann* _bnn* |
||
| 100 | 1 |
_aRoyo Marin, Antonio. _934059 |
|
| 245 | 1 | 3 |
_aLa fe de la iglesia : _blo que ha de creer el cristiano de hoy / _cAntonio Royo Marin. |
| 260 |
_aMadrid : _bBiblioteca de Autores Cristianos, _c1970. |
||
| 300 |
_a238 p. ; _c17 cm. |
||
| 490 | 1 |
_aBiblioteca de Autores Cristianos. _v16 |
|
| 500 | _aIncluye referencias bibliográficas y notas al pie de las páginas. | ||
| 830 | 0 |
_aBiblioteca de Autores Cristianos, _v16 _94245 |
|
| 049 | _aBNGR | ||
| 999 |
_c24452 _d24452 |
||